| 000 | 00572cam a2200145 4500500 | ||
|---|---|---|---|
| 005 | 20260208002335.0 | ||
| 041 | _afre | ||
| 042 | _adc | ||
| 100 | 1 | 0 |
_aRostkowski, Joëlle _eauthor |
| 245 | 0 | 0 | _aPhilippe Jacquin & Daniel Royot, Go West ! Histoire de l’Ouest américain d’hier à aujourd’hui, Paris, Flammarion, 2002, 362 p., index, bibl., cartes |
| 260 | _c2005. | ||
| 500 | _a47 | ||
| 786 | 0 | _nL'Homme | 173 | 1 | 2005-01-01 | p. 199m-283m | 0439-4216 | |
| 856 | 4 | 1 | _uhttps://shs.cairn.info/revue-l-homme-2005-1-page-199m?lang=fr&redirect-ssocas=7080 |
| 999 |
_c1645925 _d1645925 |
||